Precios de transferencia en el mercado de granos (Registro nro. 28186)
[ vista simple ]
| 000 -LEADER | |
|---|---|
| fixed length control field | 00318 a2200109 4500 |
| 001 - CONTROL NUMBER | |
| control field | ART_33053 |
| 005 - DATE AND TIME OF LATEST TRANSACTION | |
| control field | 20260410161926.0 |
| 008 - FIXED-LENGTH DATA ELEMENTS--GENERAL INFORMATION | |
| fixed length control field | 260409a |
| 100 1# - MAIN ENTRY--PERSONAL NAME | |
| Personal name | Giordano, Ana Lucía |
| 245 10 - TITLE STATEMENT | |
| Title | Precios de transferencia en el mercado de granos |
| 773 0# - HOST ITEM ENTRY | |
| Title | Lecturas |
| Related parts | - Nº 12 (jun. 2008) |
| Record control number | REV19328 |
No hay ítems disponibles.